| 000 | 00774nam a2200229 u 4500 | ||
|---|---|---|---|
| 005 | 20210223131049.0 | ||
| 008 | 090804s2003 es r 000 0 spa d | ||
| 020 | _a8446018136 | ||
| 035 | _aUPN01000171705 | ||
| 049 | _aI | ||
| 050 | 4 |
_aPZ78 _bW5.4 |
|
| 100 | 1 | _aWiéner, Magali | |
| 245 | 1 | 0 |
_aJasón y el vellocino de oro / _cMagali Wiéner ; il. Vincent Rio ; tr. Josefina Careaga. |
| 260 |
_aMadrid : _bAkal, _c2003. |
||
| 300 |
_a128 p. : _bil. |
||
| 440 | 0 |
_aPara descubrir a los clásicos ; _v6 |
|
| 500 | _a"Una lectura con juegos para descubrir a los clásicos" | ||
| 534 |
_pTitulo original: _tJason et la toison d'or |
||
| 650 | 4 |
_aLIBROS Y LECTURA PARA LA JUVENTUD _910549 |
|
| 650 | 4 |
_aMITOLOGIA GRIEGA - _vLITERATURA JUVENIL _911917 |
|
| 905 | _aInfantil | ||
| 999 |
_c143810 _d143810 |
||